IT essentials : (Record no. 15240)

MARC details
000 -LEADER
fixed length control field 00687nam a22002177a 4500
003 - CONTROL NUMBER IDENTIFIER
control field URS
005 - DATE AND TIME OF LATEST TRANSACTION
control field 20220114171936.0
008 - FIXED-LENGTH DATA ELEMENTS--GENERAL INFORMATION
fixed length control field 180625b xxu||||| |||| 00| 0 eng d
020 ## - INTERNATIONAL STANDARD BOOK NUMBER
International Standard Book Number 9789810696443
050 14 - LIBRARY OF CONGRESS CALL NUMBER
Classification number TK 7885
Item number C579 2011
100 1# - MAIN ENTRY--PERSONAL NAME
Personal name Cisco Networking Academy,
Dates associated with a name 2011-
Relator term author
245 10 - TITLE STATEMENT
Title IT essentials :
Remainder of title pc hardware and software companion guide /
Statement of responsibility, etc. Cisco Networking Academy.
250 ## - EDITION STATEMENT
Edition statement 4th edition
264 #1 - PRODUCTION, PUBLICATION, DISTRIBUTION, MANUFACTURE, AND COPYRIGHT NOTICE
Place of production, publication, distribution, manufacture Indianapolis:
Name of producer, publisher, distributor, manufacturer Cisco Press,
Date of production, publication, distribution, manufacture, or copyright notice ©2011.
300 ## - PHYSICAL DESCRIPTION
Extent xxxix, 739 pages :
Other physical details illustrations;
Dimensions 23 cm
336 ## - CONTENT TYPE
Source rdacontent
Content type term text
336 ## - CONTENT TYPE
Source rdacontent
Content type term still image
337 ## - MEDIA TYPE
Source rdamedia
Media type term unmediated
338 ## - CARRIER TYPE
Source rdacarrier
Carrier type term volume
942 ## - ADDED ENTRY ELEMENTS (KOHA)
Source of classification or shelving scheme Library of Congress Classification
Koha item type Foreign Books
Holdings
Withdrawn status Source of classification or shelving scheme Damaged status Not for loan Collection code Home library Current library Shelving location Date acquired Total Checkouts Full call number Barcode Date last seen Price effective from Koha item type
  Library of Congress Classification     Non-fiction Binangonan College Library Binangonan College Library Foreign Section 06/07/2023   TK 7885 C579 2011 URSBIN-02390 06/25/2018 06/25/2018 Foreign Books
  Library of Congress Classification     Non-fiction Binangonan College Library Binangonan College Library Foreign Section 06/07/2023   TK 7885 C579 2011 URSBIN-02391 06/25/2018 06/25/2018 Foreign Books

University of Rizal System
Email us at univlibservices@urs.edu.ph

Visit our Website www.urs.edu.ph/library